The Payne effect in double network elastomers (Record no. 70902)

MARC details
000 -LEADER
fixed length control field 00408nam a2200157Ia 4500
100 ## - MAIN ENTRY--AUTHOR NAME
Personal name Wang J
245 #4 - TITLE STATEMENT
Title The Payne effect in double network elastomers
260 ## - PUBLICATION, DISTRIBUTION, ETC. (IMPRINT)
Name of publisher Rubber Chemistry and Technology
Year of publication 2005
300 ## - PHYSICAL DESCRIPTION
Number of Pages 76-83
650 ## - SUBJECT ADDED ENTRY--TOPICAL TERM
Topical Term Double network elastomers
700 ## - ADDED ENTRY--PERSONAL NAME
Personal name Hamed G R
700 ## - ADDED ENTRY--PERSONAL NAME
Personal name Roland C M
700 ## - ADDED ENTRY--PERSONAL NAME
Personal name Umetsu K
942 ## - ADDED ENTRY ELEMENTS (KOHA)
Koha item type Journals
Holdings
Withdrawn status Lost status Damaged status Not for loan Home library Current library Shelving location Date acquired Serial Enumeration / chronology Koha item type
      Journals RRII Library RRII Library Rubber chemistry 17/12/2021 Volume 78, Issue 1 Journals